000
00321 a2200157 4500
001
175836
020
_a
040
_c
Magnum
100
_a
Colasanti, Marina
240
1
0
_a
A mao na massa
_l
por
245
1
0
_a
A mao na massa
362
0
_a
1899
440
1
_a
Salamandra
697
_a
MAGNITO: IJ/ROMANCE
942
_c
BK
999
_c
175836
_d
175836